000 01229cam a2200217 4500
001 WB3940-11
008 031022n2003 000 0 eng u
035 _a(Sirsi) u123978
245 _aTenants have unfair contract terms protection
260 _c2003
490 _aOFT Press Release
_v(133/03) 21 October 2003, (2)
520 _aIn a case involving the London Borough of Newham and three tenants of Newham Council it was decided that the Unfair Terms in Consumer Contract Regulation (UTCCRs) did apply to tenancy agreements and other contracts relating to a transfer of an interest in land. The council had claimed that the UTCCRs did not apply to this area and the tenant was not a consumer. Permission to appeal was given to the Borough of Newham on the grounds that the case raised issues of public interest. For the OFT press release: http://www.oft.gov.uk/News/Press+releases/2003/PN+133-03.htm
590 _aWB
650 _aOFFICE OF FAIR TRADING
650 _aUNFAIR TERMS IN CONSUMER CONTRACT REGULATIONS
650 _aNEWHAM LBC
650 _aHOMELESS PEOPLE
650 _aTENANCY AGREEMENTS
690 _aPROPERTY-RESIDENTIAL PROPERTY-RESIDENTIAL LANDLORD AND TENANT-RESIDENTIAL TENANCIES
942 _n0
999 _c73630
_d73630